000 00653nam a2200181Ia 4500
008 151018s9999 xx 000 0 und d
082 _bRBASDV3998
_a891.463
100 _aदुर्गा - भागवत
245 _aतामिळनाडच्या लोककथा
250 _b1
260 _bचित्रशाळा प्रकाशन
_c1959
300 _a39
600 _aदुर्गा - भागवत
630 _aतामिळनाडच्या लोककथा
700 _aदुर्गा - भागवत
730 _aतामिळनाडच्या लोककथा
942 _cBOOK
999 _c1006400
_d1006397